000 00813nam a2200205 i 4500
001 165940
003 ES-MaACL
005 20230906213231.0
008 050913s1879 hu f |||| | ger d
040 _aCAM
_bspa
_cCAM
080 _a546.56
100 1 _aSzabó, Jozsef.
_9224286
245 1 0 _aUrvölgyit Kupferkalk-Hydrosulphat ein Neues Mineral von Herrengrund /
_cvon J. Szabó.
260 _aBudapest :
_b[s.n.],
_c1879 (
_fDruck des Franklin-Verein)
300 _a14 p., [1] h. de lám. ;
_c23 cm.
595 _aSeparatabdruck aus den "Literarischen Berichten aus ungarn", III band, 3. heft.
650 4 _aCobre.
_9159957
852 _aES-MaACL
_jT-900-F-6
_z- Enc. hol., conservando la enc. original
_z. - Legado de Federico de Botella y de Hornos
_z- Enc. en un vol. facticio
999 _c165940
_d165940